Central Library OPAC University of Rajshahi

বঙ্গবন্ধুকে নিয়ে বিচিত্র রচনা সম্ভার / (Record no. 79223)

MARC details
000 -LEADER
fixed length control field 01065nam a2200253 a 4500
001 - CONTROL NUMBER
control field 79223
003 - CONTROL NUMBER IDENTIFIER
rucl marc code BD-RjUL
005 - DATE AND TIME OF LATEST TRANSACTION
control field 20220119144653.0
008 - FIXED-LENGTH DATA ELEMENTS--GENERAL INFORMATION
fixed length control field 220119s2020 bg ||||| |||| 00| 0 ben d
020 ## - INTERNATIONAL STANDARD BOOK NUMBER
International Standard Book Number 9789849137160
Terms of availability :Tk.650.00
035 ## - SYSTEM CONTROL NUMBER
System control number (BD-RjUL)79223
040 ## - CATALOGING SOURCE
Original cataloging agency BD-RjUL
Language of cataloging eng
Transcribing agency BD-RjUL
041 ## - LANGUAGE CODE
Language code of text/sound track or separate title ben
082 ## - DEWEY DECIMAL CLASSIFICATION NUMBER
Edition number 23
Classification number 891.444
Author mark and year BGN 2020
245 ## - TITLE STATEMENT
Title বঙ্গবন্ধুকে নিয়ে বিচিত্র রচনা সম্ভার /
Statement of responsibility, etc. সম্পাদক জি এম তারিকুল ইসলাম
260 ## - PUBLICATION, DISTRIBUTION, ETC. (IMPRINT)
Place of publication, distribution, etc. ঢাকা :
Name of publisher, distributor, etc. গ্রন্থকুটির,
Date of publication, distribution, etc. ২০২০
300 ## - PHYSICAL DESCRIPTION
Pagination ২৪৭ পৃ.;
Size ২৪ সেমি.
600 ## - SUBJECT ADDED ENTRY--PERSONAL NAME
Personal name মুজিবুর রহমান,
Titles and other words associated with a name শেখ,
Dates associated with a name ১৯২০-১৯৭৫
Personal name Mujibur Rahman,
Titles and other words associated with a name Sheikh,
Dates associated with a name 1920-1975
650 ## - SUBJECT ADDED ENTRY--TOPICAL TERM
Topical term or geographic name as entry element বাংলা সাহিত্য
General subdivision প্রবন্ধ
9 (RLIN) 681
Topical term or geographic name as entry element Bengali Literature
General subdivision Essay
9 (RLIN) 682
700 ## - ADDED ENTRY--PERSONAL NAME
Personal name ইসলাম, জি এম তারিকুল
942 ## - ADDED ENTRY ELEMENTS (KOHA)
Source of classification or shelving scheme Dewey Decimal Classification
Koha item type Books
Holdings
Lost status Source of classification or shelving scheme Damaged status Not for loan Collection code Permanent Location Current Location Shelving location Date acquired Source of acquisition Cost, normal purchase price Total Checkouts Full call number Date last seen Copy number Koha item type
  Dewey Decimal Classification   Not For Loan Non-fiction Central Library, University of Rajshahi Central Library, University of Rajshahi Bangabandhu Corner Section 08/12/2021 Rajshahi, News Home 487.50   B 891.444 BGN 2020 19/01/2022 C-1 Books
  Dewey Decimal Classification     Non-fiction Central Library, University of Rajshahi Central Library, University of Rajshahi General Stacks 08/12/2021 Rajshahi, News Home 487.50   B 891.444 BGN 2020 19/01/2022 C-2 Books